[Event "Mistrzostwa Polski Juniorek Mlodszych do lat 14 - OOM Zachodniopomorskie 2023"]
[Site "Darlowek"]
[Date "1899-12-30"]
[Round "9.8"]
[White "Oszutowska, Anna"]
[Black "Borowik, Monika"]
[Result "1-0"]
[WhiteTitle "I"]
[BlackTitle "I"]
[WhiteElo "1299"]
[BlackElo "1372"]

1. e4 c5 2. Nf3 e6 3. d4 cxd4 4. Nxd4 a6 5. Bd3 Nc6 6. Nxc6 dxc6 7. O-O e5 8. Be3
Nf6 9. h3 Bd6 10. Nc3 O-O 11. Na4 Nd7 12. Qf3 b5 13. Nc3 Nc5 14. Rad1 Qe7 15.
Qg3 Ne6 16. Be2 Nf4 17. Bg4 a5 18. Ne2 Bxg4 19. Qxg4 Nxe2+ 20. Qxe2 Qe6 21. Rd3
Bc7 22. a3 Rfd8 23. Rfd1 h6 24. Kf1 b4 25. axb4 axb4 26. Rxd8+ Bxd8 27. Bc5 Qa2
28. b3 Ba5 29. Qc4 Qb2 30. Ke2 Qc3 31. Qxc3 bxc3 32. Ra1 Kh7 33. Bb6 Bxb6 34.
Rxa8 Bd4 35. f3 c5 36. g3 Kg6 37. f4 f6 38. Kf3 Kf7 39. Ra7+ Kg6 40. Rc7 h5 41.
fxe5 fxe5 42. h4 Kh6 43. g4 hxg4+ 44. Kxg4 Kg6 45. h5+ Kh6 46. Rc6+ Kh7 47. Kf5
Kg8 48. Kg6 Kf8 49. Rc8+ Ke7 50. Kxg7 Be3 51. h6 Bxh6+ 52. Kxh6 Kd6 53. Kg6 1-0

[Event "Mistrzostwa Polski Juniorek Mlodszych do lat 14 - OOM Zachodniopomorskie 2023"]
[Site "Darlowek"]
[Date "1899-12-30"]
[Round "9.9"]
[White "Miklosz, Malgorzata"]
[Black "Palejko, Gabriela"]
[Result "1-0"]
[WhiteTitle "I"]
[BlackTitle "I"]
[WhiteElo "1226"]
[BlackElo "1344"]

1. e4 c6 2. c4 d5 3. exd5 cxd5 4. cxd5 Qxd5 5. Nc3 Qd8 6. Nf3 Nf6 7. Bc4 e6 8.
d4 Be7 9. O-O O-O 10. b3 a6 11. a4 Qc7 12. h3 Rd8 13. Qe2 Nc6 14. Rd1 Na5 15.
Bb2 Nxc4 16. Qxc4 Bd6 17. Ba3 b6 18. Qxc7 Bxc7 19. Ne5 Bb7 20. Be7 Re8 21. Bxf6
gxf6 22. Ng4 Kg7 23. d5 Rad8 24. dxe6 fxe6 25. Rac1 Bf4 26. Ne3 Kh8 27. Ne2 Bxe3
28. fxe3 Rxd1+ 29. Rxd1 Rg8 30. Nf4 e5 31. Nd5 Rd8 32. Nc3 Rxd1+ 33. Nxd1 a5 34.
Nc3 Kg7 35. e4 Kf7 36. Kf2 Ke7 37. Ke3 Kd6 38. Na2 f5 39. Nc3 Bxe4 40. Nxe4+ fxe4
41. g4 Kc5 42. h4 b5 43. g5 bxa4 44. bxa4 Kd5 45. h5 Ke6 46. Kxe4 Kf7 47. Kxe5
h6 48. gxh6 Kg8 49. Kd6 Kh7 50. Kc6 Kxh6 51. Kb6 Kxh5 52. Kxa5 Kg4 53. Kb6 Kf3
54. a5 Ke3 55. a6 Kd3 56. a7 Kc3 57. a8=Q Kb3 1-0

[Event "Mistrzostwa Polski Juniorek Mlodszych do lat 14 - OOM Zachodniopomorskie 2023"]
[Site "Darlowek"]
[Date "1899-12-30"]
[Round "9.10"]
[White "Pawlikowska, Ewa"]
[Black "Nowak, Emilia"]
[Result "0-1"]
[WhiteTitle "I"]
[BlackTitle "I"]
[WhiteElo "1343"]
[BlackElo "1252"]

1. e4 e5 2. Nf3 Nc6 3. Bb5 a6 4. Ba4 Nf6 5. O-O b5 6. Bb3 Bb7 7. Re1 Bc5 8. c3
d6 9. d3 O-O 10. Nbd2 h6 11. Nf1 Bb6 12. Ng3 Ne7 13. Be3 Bxe3 14. Rxe3 Ng6 15.
d4 Re8 16. Qc2 c5 17. dxc5 dxc5 18. a4 Qb6 19. axb5 axb5 20. Rxa8 Rxa8 21. Qc1
c4 22. Bc2 Rd8 23. h3 Nd7 24. Nf5 Nc5 25. g3 Qe6 26. Kh2 Kh7 27. h4 Nf8 28. h5
Qf6 29. Qg1 Nfe6 30. g4 Ng5 31. N3h4 Rd2 32. Bd1 Ncxe4 33. Be2 Rxb2 34. Nf3 Rxe2
35. Nxg5+ Nxg5 36. Kg3 Rxe3+ 37. fxe3 Ne4+ 38. Kh3 g6 39. hxg6+ fxg6 40. Nh4 Qf2
41. Qxf2 Nxf2+ 42. Kg3 Ne4+ 43. Kf3 Nxc3+ 44. Kf2 b4 45. Ke1 b3 46. Kf2 b2 47.
Ke1 b1=Q+ 48. Kd2 Qd3+ 49. Kc1 Na2+ 50. Kb2 Qb3+ 51. Ka1 Nc3 52. Nf3 Qa2# 0-1

[Event "Mistrzostwa Polski Juniorek Mlodszych do lat 14 - OOM Zachodniopomorskie 2023"]
[Site "Darlowek"]
[Date "1899-12-30"]
[Round "9.11"]
[White "Branka, Julia"]
[Black "Walerjan, Ada"]
[Result "0-1"]
[WhiteTitle "I"]
[BlackTitle "I"]
[WhiteElo "1324"]
[BlackElo "1219"]

1. d4 d5 2. c4 e6 3. Nc3 Nf6 4. Nf3 Be7 5. Bf4 O-O 6. e3 b6 7. cxd5 Nxd5 8. Nxd5
exd5 9. Bd3 c5 10. Ne5 c4 11. Bxc4 dxc4 12. Qf3 Bb4+ 13. Kf1 f6 14. Nc6 Nxc6 15.
Qxc6 Ba6 16. Qa4 Ba5 17. Kg1 Qd5 18. b4 cxb3 19. axb3 Qb5 20. Qa3 Rfc8 21. e4
Rc3 22. Rb1 Qd3 23. Qa2 Rc2 24. Qa1 Bc3 25. Qa4 Bxd4 26. h3 Rxf2 27. Kh2 Rxg2+
28. Kxg2 Qe2+ 29. Kg3 Bf2+ 30. Kh2 Bh4+ 31. Kg1 Qf2# 0-1

[Event "Mistrzostwa Polski Juniorek Mlodszych do lat 14 - OOM Zachodniopomorskie 2023"]
[Site "Darlowek"]
[Date "1899-12-30"]
[Round "9.12"]
[White "Rusiecki, Katarzyna"]
[Black "Mitrega, Lena"]
[Result "1-0"]
[WhiteTitle "I+"]
[BlackTitle "II"]
[WhiteElo "1370"]
[BlackElo "1187"]

1. d4 d5 2. c4 Nf6 3. Nf3 c6 4. Nc3 Bf5 5. Bg5 Qd7 6. e3 Ne4 7. Bf4 e6 8. Ne5 Qc8
9. Qa4 Nxc3 10. bxc3 Nd7 11. Nxd7 Qxd7 12. cxd5 exd5 13. c4 dxc4 14. Qxc4 Bd6
15. Bxd6 Qxd6 16. Qb3 Qe7 17. Be2 O-O 18. O-O Rab8 19. Rfe1 Qd7 20. Bf3 Be6 21.
Qc2 Rbc8 22. Rad1 Rfe8 23. Qc5 a6 24. a4 Red8 25. a5 Qd6 26. Qb6 Qc7 27. Rb1 Rd7
28. Rb2 Qxb6 29. Rxb6 Rcc7 30. Rc1 f5 31. Rc5 Kf7 32. g3 g6 33. h4 Ke7 34. Kf1
Bd5 35. Be2 Be6 36. Bf3 Bd5 37. Ke2 Rd6 38. Bxd5 Rxd5 39. Rxd5 cxd5 40. Kf3 Rd7
41. Kf4 Ke8 42. Ke5 Kd8 43. Rd6 Kc7 44. Rxd7+ Kxd7 45. Kxd5 Kc7 46. Kc5 1-0

[Event "Mistrzostwa Polski Juniorek Mlodszych do lat 14 - OOM Zachodniopomorskie 2023"]
[Site "Darlowek"]
[Date "1899-12-30"]
[Round "9.13"]
[White "Strzoda, Natalia"]
[Black "Kretowicz, Daria"]
[Result "1/2-1/2"]
[WhiteTitle "I"]
[BlackTitle "I"]
[WhiteElo "1348"]
[BlackElo "1163"]

1. e4 c5 2. Nf3 e6 3. d4 cxd4 4. Nxd4 a6 5. Bd3 Qc7 6. O-O Nf6 7. Qe2 Nc6 8. Nxc6
dxc6 9. c4 Bd6 10. f4 Bc5+ 11. Kh1 e5 12. fxe5 Qxe5 13. Bf4 Qh5 14. Qxh5 Nxh5
15. Be5 O-O 16. Be2 g6 17. Bxh5 gxh5 18. Bc3 Re8 19. Nd2 Be6 20. Rf3 Bd6 21. e5
Be7 22. b3 b5 23. cxb5 cxb5 24. Ne4 Rad8 25. Rg3+ Kh8 26. Ng5 Rf8 27. Rf1 b4 28.
Ba1 Bxg5 29. Rxg5 Rd2 30. h3 Rxa2 31. Rxh5 1/2-1/2

[Event "Mistrzostwa Polski Juniorek Mlodszych do lat 14 - OOM Zachodniopomorskie 2023"]
[Site "Darlowek"]
[Date "1899-12-30"]
[Round "9.14"]
[White "Swiderska, Jagoda"]
[Black "Opalka, Marta"]
[Result "1/2-1/2"]
[WhiteTitle "I"]
[BlackTitle "I"]
[WhiteElo "1186"]
[BlackElo "1330"]

1. e4 c5 2. c3 e6 3. Nf3 d5 4. exd5 exd5 5. Bb5+ Bd7 6. Bxd7+ Nxd7 7. O-O Be7 8.
Re1 Ngf6 9. d3 O-O 10. Nbd2 Re8 11. Nf1 Nf8 12. Ne3 Ng6 13. Nf5 Qd7 14. Nxe7+
Rxe7 15. Rxe7 Qxe7 16. Bg5 Re8 17. Qe1 Qd6 18. Qd2 h6 19. Bxf6 Qxf6 20. Re1 Ne5
21. Nxe5 Rxe5 22. Rxe5 Qxe5 23. Qe3 Qh5 24. Qe1 Kf8 25. h3 Qf5 26. Qe3 b6 27.
Qg3 Qd7 28. Qb8+ Ke7 29. Qe5+ Kf8 30. Qb8+ Ke7 1/2-1/2

[Event "Mistrzostwa Polski Juniorek Mlodszych do lat 14 - OOM Zachodniopomorskie 2023"]
[Site "Darlowek"]
[Date "1899-12-30"]
[Round "9.15"]
[White "Wrona, Faustyna"]
[Black "Wieczorek, Maja"]
[Result "0-1"]
[WhiteTitle "II+"]
[BlackTitle "I"]
[WhiteElo "1046"]
[BlackElo "1308"]

1. e4 d6 2. d4 g6 3. Nf3 Nf6 4. Nc3 Bg7 5. Bc4 O-O 6. O-O c6 7. a4 Qc7 8. Bf4 Nh5
9. Qd2 Nxf4 10. Qxf4 e5 11. dxe5 dxe5 12. Qh4 h6 13. Qg3 Kh7 14. Rad1 Nd7 15.
Nd2 Nf6 16. Nb3 Nh5 17. Qe3 b6 18. h3 Qe7 19. Be2 Nf4 20. Bf3 Qg5 21. Kh2 Qh4
22. Be2 f5 23. Nd2 Nxe2 24. Qxe2 a5 25. Nf3 Qf6 26. Qd3 Ba6 27. Nb5 cxb5 28. axb5
fxe4 29. Qxe4 Bxb5 30. Rfe1 Bc6 31. Qxe5 Bxf3 32. Qxf6 Rxf6 33. gxf3 Rxf3 34.
Kg2 Raf8 35. Re2 Bxb2 36. Rd6 b5 37. c4 Ba3 38. Rd7+ R3f7 39. Rxf7+ Rxf7 40. cxb5
Rb7 41. Re5 Kg7 42. Kf3 Kf6 43. Ke4 Re7 44. Rxe7 Kxe7 45. Kd5 Kd7 46. f3 Bd6 47.
b6 a4 48. Kc4 a3 49. Kb3 Kc6 50. f4 Kxb6 51. h4 Kc6 52. Kc3 Bxf4 53. Kb3 Bd6 54.
h5 gxh5 55. Ka2 h4 56. Ka1 h3 57. Ka2 h2 58. Ka1 h1=Q+ 59. Ka2 Qd5+ 60. Ka1 Be5+
61. Kb1 Qb3+ 62. Kc1 Qb2+ 63. Kd1 a2 64. Ke1 a1=R# 0-1

[Event "Mistrzostwa Polski Juniorek Mlodszych do lat 14 - OOM Zachodniopomorskie 2023"]
[Site "Darlowek"]
[Date "1899-12-30"]
[Round "9.16"]
[White "Gajda, Anna"]
[Black "Czarkowska, Dalia"]
[Result "0-1"]
[WhiteTitle "I"]
[BlackTitle "I"]
[WhiteElo "1248"]
[BlackElo "1209"]

1. e4 c6 2. d4 d5 3. exd5 cxd5 4. Bd3 Nc6 5. c3 Nf6 6. Bf4 Bg4 7. Qb3 Na5 8. Qc2
e6 9. Nd2 Be7 10. Ngf3 O-O 11. Ne5 Bh5 12. h3 Nc6 13. g4 Bg6 14. Bxg6 hxg6 15.
O-O-O Rc8 16. Ndf3 Nb4 17. Qb1 Ne4 18. Rdf1 Qa5 19. Kd1 Qa4+ 20. Ke1 f6 21. Nxg6
Nc2+ 22. Ke2 Qc4+ 23. Kd1 Qd3+ 24. Kc1 Nxc3 25. Nxe7+ Kf7 26. bxc3 Qxc3 27. Qb3
Nxd4+ 28. Qxc3 Rxc3+ 29. Kd2 Rxf3 30. Be3 Nb5 31. Nxd5 exd5 32. Ke2 Rxe3+ 33.
Kxe3 Re8+ 34. Kd3 Re4 35. Rb1 Rd4+ 36. Ke2 Nc3+ 37. Ke3 Re4+ 38. Kd3 Nxb1 39.
Rxb1 b6 40. Rb3 Ke6 41. f3 Ra4 42. a3 g5 43. Ke3 Ke5 44. Kf2 Rc4 45. Kg3 d4 46.
Rb5+ Rc5 47. Rb4 b5 48. Kf2 a5 0-1

[Event "Mistrzostwa Polski Juniorek Mlodszych do lat 14 - OOM Zachodniopomorskie 2023"]
[Site "Darlowek"]
[Date "1899-12-30"]
[Round "9.17"]
[White "Mansz, Martyna"]
[Black "Walewska, Natalia"]
[Result "0-1"]
[WhiteTitle "I"]
[BlackTitle "I"]
[WhiteElo "1208"]
[BlackElo "1297"]

1. e4 e5 2. Nf3 Nc6 3. Bc4 Bc5 4. c3 Nf6 5. d4 exd4 6. cxd4 Bb4+ 7. Bd2 Bxd2+ 8.
Nbxd2 d5 9. exd5 Nxd5 10. Qb3 Nce7 11. O-O O-O 12. Rfe1 Nb6 13. Bd3 Be6 14. Qc2
h6 15. Ne4 Bd5 16. Nfd2 Nc6 17. Qc3 f5 18. Nc5 Qg5 19. Bf1 Qf6 20. Ndb3 Nd8 21.
Rad1 Nf7 22. f4 Rfe8 23. Re3 Kf8 24. Rde1 Qd6 25. Rxe8+ Rxe8 26. Rxe8+ Kxe8 27.
Qe3+ Kf8 28. Bd3 g6 29. Bb5 Kg7 30. Nd2 a6 31. Be2 Nd7 32. Nd3 Nf6 33. b3 Ne4
34. Ne5 Qb4 35. Nxe4 Qe1+ 0-1

[Event "Mistrzostwa Polski Juniorek Mlodszych do lat 14 - OOM Zachodniopomorskie 2023"]
[Site "Darlowek"]
[Date "1899-12-30"]
[Round "9.18"]
[White "Doskocz, Dominika"]
[Black "Lukasik, Aleksandra"]
[Result "1/2-1/2"]
[WhiteTitle "I"]
[BlackTitle "I"]
[WhiteElo "1193"]
[BlackElo "1236"]

1. e4 d6 2. d4 Nf6 3. Nc3 Nbd7 4. Nf3 e5 5. dxe5 dxe5 6. a3 c6 7. Bc4 Be7 8. O-O
Qc7 9. Re1 h6 10. Be3 g5 11. Nd2 Nf8 12. Ne2 Bg4 13. f3 Be6 14. Bxe6 Nxe6 15.
g4 h5 16. h3 Nf4 17. Nxf4 gxf4 18. Bf2 hxg4 19. hxg4 O-O-O 20. Qe2 Rh7 21. Kg2
Rdh8 22. Rh1 b6 23. Rxh7 Rxh7 24. Qd3 Nd7 25. Qc3 Qd6 26. Rh1 Rxh1 27. Kxh1 Qh6+
28. Kg2 Kb7 29. Qd3 Nc5 30. Qc4 Ne6 31. Qc3 f6 32. Nb3 Ng5 33. Nd2 1/2-1/2

[Event "Mistrzostwa Polski Juniorek Mlodszych do lat 14 - OOM Zachodniopomorskie 2023"]
[Site "Darlowek"]
[Date "1899-12-30"]
[Round "9.19"]
[White "Dzierzgowska, Jagoda"]
[Black "Kawala, Camilla"]
[Result "0-1"]
[WhiteTitle "I"]
[BlackTitle "II"]
[WhiteElo "1219"]
[BlackElo "1110"]

1. d4 d5 2. Bf4 Nf6 3. e3 Bf5 4. c4 e6 5. Nc3 c5 6. h3 Nc6 7. Nf3 h6 8. Be2 dxc4
9. Bxc4 cxd4 10. exd4 Bd6 11. Be5 Bxe5 12. dxe5 Nd7 13. Qe2 a6 14. Rd1 Qc7 15.
O-O Ndxe5 16. Nxe5 Nxe5 17. Bb3 O-O 18. Rfe1 Nc6 19. Bc2 Bxc2 20. Qxc2 Rad8 21.
Qb3 b5 22. Ne4 Nd4 23. Qc3 Qxc3 24. Nxc3 Nc2 25. Rxd8 Rxd8 26. Re2 Nd4 27. Re1
Nc6 28. Rd1 Rxd1+ 29. Nxd1 f6 30. Kf1 Kf7 31. Ke2 e5 32. Ne3 Ke6 33. g4 g6 34.
f3 Nd4+ 35. Kf2 a5 36. a3 a4 37. Nd1 Kd5 38. Ke3 Nc2+ 39. Kd3 Ne1+ 40. Ke2 Ng2
41. Kd2 Nf4 42. Nf2 Kd4 43. h4 Ng2 44. h5 gxh5 45. gxh5 Nf4 46. Ng4 Nxh5 47. Nxh6
Ng3 48. Nf7 Nf5 49. Nd8 Nd6 50. Ne6+ Kd5 51. Nc7+ Kc6 52. Ne6 f5 53. Ng5 e4 54.
fxe4 Nxe4+ 55. Nxe4 fxe4 56. Ke3 Kd5 57. Ke2 Kc4 58. Ke3 Kb3 59. Kxe4 Kxb2 60.
Kd3 Kxa3 0-1

[Event "Mistrzostwa Polski Juniorek Mlodszych do lat 14 - OOM Zachodniopomorskie 2023"]
[Site "Darlowek"]
[Date "1899-12-30"]
[Round "9.20"]
[White "Bastrzyk, Kinga"]
[Black "Nurkiewicz, Anna"]
[Result "0-1"]
[WhiteTitle "II+"]
[BlackTitle "I+"]
[WhiteElo "1175"]
[BlackElo "1361"]

1. e4 c5 2. Nf3 g6 3. c3 d5 4. e5 Nc6 5. d4 Bg4 6. Bb5 Bg7 7. Bxc6+ bxc6 8. Nbd2
c4 9. O-O Qa5 10. h3 Bf5 11. Ne1 c5 12. Ndf3 Rb8 13. Nh4 Bd7 14. Qc2 cxd4 15.
cxd4 Nh6 16. Bd2 Qb6 17. Bc3 Nf5 18. Nxf5 Bxf5 19. Qa4+ Bd7 20. Qa3 e6 21. Rb1
Bf8 22. Qa5 Qxa5 23. Bxa5 Bb4 24. Bxb4 Rxb4 25. Nc2 Rb6 26. Ne3 h5 27. Rfc1 O-O
28. Rc3 Rfb8 29. b3 Ba4 30. Rc2 cxb3 31. axb3 Rxb3 32. Rxb3 Rxb3 33. Ra2 Rb4 34.
Rd2 Rb1+ 35. Kh2 a5 36. Kg3 Bb3 37. f4 a4 38. Rf2 a3 39. Nc2 a2 40. Na3 a1=Q 41.
Nxb1 Qxb1 42. Rf3 Qe1+ 43. Kh2 Bd1 44. Rd3 Bc2 45. Rg3 Qf2 46. Rf3 Qxd4 47. Kg3
Qe4 48. Kf2 Bd1 49. Ra3 Qxf4+ 50. Ke1 Qb4+ 51. Kxd1 Qxa3 52. h4 d4 53. Kd2 Qc3+
0-1

[Event "Mistrzostwa Polski Juniorek Mlodszych do lat 14 - OOM Zachodniopomorskie 2023"]
[Site "Darlowek"]
[Date "1899-12-30"]
[Round "9.21"]
[White "Woytitzki, Sophie"]
[Black "Rduch, Diana"]
[Result "0-1"]
[WhiteTitle "II"]
[BlackTitle "I"]
[WhiteElo "1156"]
[BlackElo "1128"]

1. e4 c5 2. Nf3 Nc6 3. d4 cxd4 4. Nxd4 g6 5. Nc3 Bg7 6. Be3 Nf6 7. Bc4 Qa5 8. O-O
O-O 9. Re1 d6 10. h3 Bd7 11. Qd2 Rac8 12. Bb3 Rfd8 13. Rad1 a6 14. Nd5 Qxd2 15.
Rxd2 Nxd5 16. exd5 Na5 17. Kf1 Bb5+ 18. Nxb5 axb5 19. Bb6 Nxb3 20. cxb3 Rd7 21.
Rde2 Kf8 22. a4 bxa4 23. bxa4 Rc4 24. a5 Rb4 25. Rc1 f5 26. Rcc2 Rb5 27. Red2
Kf7 28. f4 e5 29. dxe6+ Kxe6 30. Kf2 Rb4 31. g3 d5 32. Re2+ Kf7 33. Bc5 Bd4+ 34.
Kg2 Bxc5 35. Rxc5 d4 36. Rd2 Re7 37. Rd5 Re4 38. Rd7+ Re7 39. R7xd4 Rxd4 40. Rxd4
Re2+ 41. Kf1 Rxb2 42. Rd7+ Kg8 43. Rd8+ Kf7 44. Rb8 Rb1+ 45. Ke2 Rb2+ 46. Kd1
Rb5 47. Kc2 h5 48. Kc3 Rxa5 49. Rxb7+ Ke6 50. Rb6+ Kf7 51. Kb4 Rd5 52. Kc4 Rd2
53. Rb7+ Kf6 54. Rb6+ Kg7 55. Rb3 h4 56. gxh4 Kh6 57. Rf3 Kh5 58. Rg3 Rf2 59.
Kd3 Rxf4 60. Rg5+ Kh6 61. Rg3 Rxh4 62. Ke2 g5 63. Kf2 Kh5 64. Kg2 Re4 65. Kf3
Kh4 66. Rg1 Rc4 67. Kg2 Rc3 68. Rf1 Rg3+ 69. Kh2 Rxh3+ 70. Kg2 Rg3+ 71. Kh2 f4
72. Kh1 f3 73. Kh2 Rg2+ 74. Kh1 Rg3 75. Kh2 Kg4 76. Kh1 Rh3+ 77. Kg1 Kg3 78. Rf2
Rh1+ 79. Kxh1 Kxf2 80. Kh2 Ke2 81. Kg3 f2 82. Kg4 f1=Q 83. Kxg5 Qf3 84. Kg6 Qf4
85. Kg7 Qf5 86. Kg8 Qd7 87. Kf8 Kf3 88. Kg8 Kg4 89. Kh8 Kf5 90. Kg8 Kg6 91. Kf8
Qf7# 0-1

[Event "Mistrzostwa Polski Juniorek Mlodszych do lat 14 - OOM Zachodniopomorskie 2023"]
[Site "Darlowek"]
[Date "1899-12-30"]
[Round "9.22"]
[White "Oleksiuk, Anna"]
[Black "Szczepanska, Jagoda"]
[Result "0-1"]
[WhiteTitle "II"]
[BlackTitle "II+"]
[WhiteElo "1119"]
[BlackElo "1107"]

1. e4 e5 2. Nf3 Nc6 3. d4 exd4 4. Nxd4 Nf6 5. Nc3 Bb4 6. Nxc6 bxc6 7. Qe2 O-O 8.
f3 Re8 9. Bd2 h6 10. O-O-O a5 11. Na4 Qe7 12. g4 d5 13. Re1 dxe4 14. Qf2 Bxd2+
15. Qxd2 e3 16. Qc3 Bd7 17. Nc5 Nd5 18. Qd4 Nb6 19. h4 Qd6 20. Qxd6 cxd6 21. Ne4
d5 22. Nc5 Re7 23. Bd3 Rae8 24. g5 h5 25. c3 g6 26. Nxd7 Nxd7 27. b3 Nb6 28. f4
c5 29. f5 Kh7 30. f6 Re5 31. Rh3 d4 32. c4 R5e6 33. Rh2 Nd7 34. Kc2 Ne5 35. Be2
Rd6 36. Rd1 Ng4 37. Bxg4 hxg4 38. Kd3 Rde6 39. Ke2 Re4 40. Rg2 Rf4 41. Rdg1 Kg8
42. Rh2 Re5 43. Rgg2 Ref5 44. a3 Rf2+ 45. Rxf2 Rxf2+ 46. Rxf2 exf2 47. Kxf2 d3
48. Ke3 g3 49. Kxd3 g2 50. Ke4 g1=Q 51. Kd5 Qd4+ 52. Kc6 Kf8 53. Kb6 Qxh4 54.
Kxc5 Qxg5+ 55. Kd4 0-1

[Event "Mistrzostwa Polski Juniorek Mlodszych do lat 14 - OOM Zachodniopomorskie 2023"]
[Site "Darlowek"]
[Date "1899-12-30"]
[Round "9.23"]
[White "Szczap, Malgorzata"]
[Black "Lecka, Hanna"]
[Result "1/2-1/2"]
[WhiteTitle "II"]
[BlackTitle "II+"]
[WhiteElo "1103"]
[BlackElo "1105"]

1. e4 c6 2. d4 d5 3. Nc3 dxe4 4. Bc4 Nf6 5. f3 exf3 6. Nxf3 Bg4 7. Bxf7+ Kxf7 8.
Ne5+ Ke8 9. Nxg4 Nxg4 10. Qxg4 Nd7 11. Bg5 Nf6 12. Bxf6 exf6 13. O-O-O Kf7 14.
Rde1 Qc8 15. Qf3 Bb4 16. a3 Bxc3 17. Qxc3 Re8 18. Qc4+ Kf8 19. Qc5+ Kf7 20. d5
cxd5 21. Qxd5+ Kf8 22. Rxe8+ Qxe8 23. Qxb7 Qe3+ 24. Kb1 Rd8 25. Qb4+ Kf7 26. Qb3+
Qxb3 27. cxb3 Rd2 28. g3 Ke6 29. Kc1 Re2 30. g4 Rg2 31. h3 Rg3 32. Kc2 f5 33.
gxf5+ Kxf5 34. Rf1+ Ke6 35. h4 Rg4 36. Rh1 h6 37. h5 a5 38. Re1+ Kd6 39. Rf1 Ke6
40. Rf8 Rg5 41. Rb8 Rxh5 42. b4 axb4 43. Rxb4 g5 44. a4 Rh4 45. Rb6+ Kd7 46. a5
Kc7 47. b4 Rc4+ 48. Kd3 Rc6 49. Rxc6+ Kxc6 50. Ke3 g4 51. a6 Kb6 52. b5 h5 53.
Ke4 1/2-1/2

[Event "Mistrzostwa Polski Juniorek Mlodszych do lat 14 - OOM Zachodniopomorskie 2023"]
[Site "Darlowek"]
[Date "1899-12-30"]
[Round "9.24"]
[White "Pietrzak, Antonina"]
[Black "Kaminska, Zuzanna"]
[Result "1-0"]
[WhiteTitle "I"]
[BlackTitle "II"]
[WhiteElo "1104"]
[BlackElo "1040"]

1. e4 d6 2. d4 Nf6 3. Nc3 e5 4. dxe5 dxe5 5. Qxd8+ Kxd8 6. Bg5 Be6 7. O-O-O Nbd7
8. Nf3 Kc8 9. Bxf6 gxf6 10. Bb5 c6 11. Ba4 Nc5 12. Bb3 Nxb3+ 13. axb3 Bh6+ 14.
Kb1 Kc7 15. Rd3 Rhd8 16. Rhd1 Rxd3 17. Rxd3 Rd8 18. Rxd8 Kxd8 19. h3 b5 20. Na2
a5 21. Nc1 a4 22. bxa4 bxa4 23. Ne2 c5 24. Nc3 Bd7 25. Nd5 Bg7 26. Ka2 c4 27.
Nd2 f5 28. Nb6 fxe4 29. Nxd7 e3 30. fxe3 Kxd7 31. Nxc4 Kc6 32. b3 axb3+ 33. cxb3
Kc5 34. Kb2 Kb4 35. Kc2 e4 36. Nd6 Bh6 37. Kd2 Kxb3 38. Nxf7 Bf8 39. Ng5 Bb4+
40. Ke2 1-0

[Event "Mistrzostwa Polski Juniorek Mlodszych do lat 14 - OOM Zachodniopomorskie 2023"]
[Site "Darlowek"]
[Date "1899-12-30"]
[Round "9.25"]
[White "Socha, Maja"]
[Black "Cheda, Julia"]
[Result "1-0"]
[WhiteTitle "II+"]
[BlackTitle "II"]
[WhiteElo "1073"]
[BlackElo "1068"]

1. e4 c6 2. d4 d5 3. exd5 cxd5 4. Bd3 Nf6 5. h3 Nc6 6. c3 e6 7. Nf3 Be7 8. Bf4
O-O 9. O-O h6 10. Re1 Bd6 11. Ne5 Re8 12. Nd2 Qc7 13. Ndf3 Bd7 14. Nh2 Rac8 15.
Nhg4 Nxg4 16. Qxg4 g5 17. h4 Be7 18. Qh5 f5 19. Qg6+ Kh8 20. Nf7# 1-0